[Event "V Open"]
[Site "Lisbon POR"]
[Date "1999.11.17"]
[Round "5"]
[White "Damaso,R"]
[Black "Santos,Ju"]
[Result "1-0"]
[WhiteElo "2399"]
[BlackElo "2020"]

1.Nf3 d5 2.g3 b6 3.Bg2 Bb7 4.O-O g6 5.c4 d4 6.b4 Bg7 7.Bb2 e5 8.e3 Ne7 9.exd4 exd4
10.d3 a5 11.bxa5 Rxa5 12.Nbd2 c5 13.Nb3 Ra7 14.a4 Nbc6 15.a5 Nxa5 16.Nxa5 Rxa5
17.Rxa5 bxa5 18.Qa4+ Bc6 19.Qa3 Qa8 20.Nh4 Bxg2 21.Nxg2 Qb7 22.Qa4+ Qc6 23.Qxa5 O-O
24.Ba3 Rc8 25.Re1 Bf8 26.Nf4 g5 27.Nh5 Qf3 28.Bxc5 Qf5 29.Bb6 Qg6 30.Bxd4 Qxh5
31.Rxe7 Bg7 32.Bxg7 Kxg7 33.Qe5+ Kg8 34.Qf5 Rf8 35.Kg2 Qh6 36.Kg1 Qg7 37.Qe5 Qg6
38.Qe4 Qa6 39.Kg2 h6 40.Rc7 Qa1 41.d4  1-0

[Event "71st ch-GER"]
[Site "Altenkirchen GER"]
[Date "1999.11.19"]
[Round "8"]
[White "Gutman,L"]
[Black "Mueller,Ka"]
[Result "1/2-1/2"]
[WhiteElo "2471"]
[BlackElo "2533"]

1.Nf3 d5 2.g3 c6 3.Bg2 Bg4 4.Ne5 Bh5 5.c4 e6 6.Qb3 Qb6 7.Nc3 Nf6 8.d4 Nbd7
9.O-O Be7 10.Nxd7 Nxd7 11.e4 dxe4 12.Nxe4 O-O 13.Be3 Rfd8 14.h3 Bg6 15.Nd2 Bf6
16.c5 Qxb3 17.axb3 e5 18.dxe5 Bxe5 19.f4 Bxb2 20.Ra2 Re8 21.Rxb2 Rxe3 22.f5 Nxc5
23.fxg6 hxg6 24.b4 Nd3 25.Rb3 Rd8 26.Ne4 Re2 27.Rd1 Rxg2+ 28.Kxg2 Nf4+ 29.Kf3 Rxd1
30.Kxf4 Rd5 31.Ke3 Rb5 32.Nd6 Rb6 33.Nc8 Ra6 34.Rd3 Ra4 35.Rd4 f6 36.Nd6 b6
37.Nc8 Kf7 38.Rd7+ Ke6 39.Re7+ Kf5 40.Nd6+ Kg5 41.Nf7+ Kh5 42.Nd8 Rxb4 43.Rxg7 Rb3+
44.Kf2 Rb2+ 45.Kf1 Rb1+ 46.Ke2 Rb2+ 47.Ke1 Rb1+ 48.Kd2 a5 49.Ne6 Kh6 50.Ra7 Rb3
51.Ra8 Kh7 52.g4 Rxh3 53.g5 Rh2+ 54.Ke3 fxg5 55.Ra7+ Kh6 56.Ra8 Rh3+ 57.Ke4 Kh5
58.Rc8 Rc3 59.Nd4 c5 60.Nf3 Rb3 61.Rh8+ Kg4 62.Ne5+ Kg3 63.Rg8 Rb4+ 64.Ke3 Rb1
65.Ke4 Rb4+ 66.Ke3 g4 67.Rxg6 a4 68.Nxg4 a3 69.Nf2+ Kh4 70.Rg1 a2 71.Ra1 Ra4
72.Ne4 Ra3+ 73.Kd2 Kg4 74.Nc3 Kf5 75.Nxa2 b5 76.Rf1+ Ke6 77.Nc3 b4 78.Re1+ Kd7
79.Ne4 Kc6 80.Rc1 Kd5  1/2-1/2

[Event "World Seniors"]
[Site "Gladenbach GER"]
[Date "1999.11.19"]
[Round "10"]
[White "Baumgartner,H"]
[Black "Shabanov,Y"]
[Result "1/2-1/2"]
[WhiteElo "2278"]
[BlackElo "2473"]

1.Nf3 d5 2.g3 c6 3.Bg2 Bg4 4.O-O e6 5.d4 Nd7 6.Nbd2 Ngf6 7.Re1 Be7 8.e4 O-O
9.c3 Bh5 10.Qb3 Qb6 11.exd5 cxd5 12.Ne5 Bd8 13.h3 Nxe5 14.Rxe5 Bg6 15.Re1 Rc8
16.Nf3 Be4 17.Ne5 Bxg2 18.Qxb6 Bxb6 19.Kxg2 Bc7 20.Nd3 Bd6 21.Bf4 Be7 22.Bg5 Rfd8
23.a4 Kf8 24.Bxf6 Bxf6 25.a5 Be7 26.f4 Bd6 27.Kf3 Re8 28.g4 f6 29.Re2 Re7
30.Rae1 Rce8 31.Ke3 Kf7 32.Kd2 h5 33.b3 hxg4 34.hxg4 Rh8 35.c4 dxc4 36.bxc4 Bc7
37.Ra1 Rd8 38.Kc3 a6 39.f5 e5 40.d5 e4 41.Nb2 g6 42.Kb4 Re5 43.Rae1 Bd6+
44.Kb3 Rde8 45.Na4 gxf5 46.gxf5 Rxf5 47.Rxe4 Rf3+ 48.Kc2 Rf2+ 49.Kb3 Rf3+
50.Kc2 Rf2+ 51.Kb3  1/2-1/2

[Event "V Open"]
[Site "Lisbon POR"]
[Date "1999.11.19"]
[Round "7"]
[White "Strikovic,A"]
[Black "Rodrigues,N"]
[Result "0-1"]
[WhiteElo "2518"]
[BlackElo "2141"]

1.Nf3 d5 2.g3 c5 3.Bg2 Nc6 4.d4 Nf6 5.O-O cxd4 6.Nxd4 e6 7.c4 Qb6 8.Nxc6 bxc6
9.Nc3 Be7 10.cxd5 Nxd5 11.Na4 Qb5 12.e4 Nb4 13.Nc3 Qa6 14.Qg4 O-O 15.Bh6 Bf6
16.e5 Bxe5 17.Rae1 f5 18.Qxb4 Rb8 19.Qc5 Bxc3 20.Qxc3 gxh6 21.a3 c5 22.Rd1 c4
23.Rd2 Rb3 24.Qe5 Rd3 25.Rc2 Rfd8 26.Qf4 Qb6 27.h4 Ba6 28.Re1 R8d6 29.Rce2 Kg7
30.Qe5+ Kf7 31.Qf4 Qd4 32.Qxd4 R6xd4 33.Rc2 Rd2 34.Rec1 Kf6 35.Bf1 Rxc2 36.Rxc2 Rd1
37.Rc3 Rb1 38.Kg2 Bb7+ 39.Kg1 Be4  0-1

[Event "71st ch-GER"]
[Site "Altenkirchen GER"]
[Date "1999.11.20"]
[Round "9"]
[White "Hickl,J"]
[Black "Dautov,R"]
[Result "0-1"]
[WhiteElo "2552"]
[BlackElo "2597"]

1.Nf3 d5 2.g3 g6 3.Bg2 Bg7 4.c4 e6 5.O-O Ne7 6.Na3 O-O 7.Rb1 c5 8.b3 Nbc6
9.Nc2 e5 10.d3 h6 11.Nd2 Be6 12.Ba3 dxc4 13.Nxc4 b6 14.Bb2 Qd7 15.a3 Rad8
16.Qc1 f5 17.f4 Nd4 18.Nxd4 exd4 19.e4 fxe4 20.Bxe4 Bf5 21.Re1 Nd5 22.Bxf5 Rxf5
23.Qd2 g5 24.fxg5 hxg5 25.b4 b5 26.Na5 cxb4 27.axb4 Rdf8 28.Rf1 Ne3 29.Rxf5 Qxf5
30.Qe2 g4 31.Nb3 Qf3 32.Qxf3 gxf3 33.Kf2 Ng4+ 34.Kf1 Nxh2+ 35.Kf2 Ng4+ 36.Kf1 Ne3+
37.Kf2 Ng4+ 38.Kf1 f2 39.Ke2 Re8+ 40.Kf1 Rf8 41.Ke2 Re8+ 42.Kf1 Be5  0-1

[Event "ch-ARG Najdorf mem"]
[Site "Buenos Aires ARG"]
[Date "1999.11.20"]
[Round "2"]
[White "Panno,O"]
[Black "Slipak,S"]
[Result "1/2-1/2"]
[WhiteElo "2454"]
[BlackElo "2521"]

1.Nf3 d5 2.g3 Nf6 3.Bg2 g6 4.c4 dxc4 5.Na3 Be6 6.Qc2 Bg7 7.Nxc4 O-O 8.b3 c5
9.Bb2 Nc6 10.O-O Rc8 11.Rac1 b6 12.Qb1 Bd5 13.Rfd1 Nd7 14.e3 Bxf3 15.Bxf3 Nde5  1/2-1/2

[Event "Extraliga CZE"]
[Site "Ostrava CZE"]
[Date "1999.11.20"]
[Round "3"]
[White "Kleberc,K"]
[Black "Bazant,P"]
[Result "1-0"]
[WhiteElo "2267"]
[BlackElo "2361"]

1.Nf3 d5 2.g3 g6 3.c4 dxc4 4.Qa4+ Nd7 5.Qxc4 Bg7 6.Bg2 Ngf6 7.O-O O-O 8.d3 c6
9.Qh4 Nb6 10.Bh6 Qd6 11.Nbd2 Qe6 12.Bxg7 Kxg7 13.Qd4 Qd6 14.Nc4 Qxd4 15.Nxd4 Rd8
16.Nb3 Bg4 17.Nca5 Bxe2 18.Rfe1 Bxd3 19.Nxb7 Rdc8 20.N3c5 Bf5 21.Rxe7 Nbd5
22.Re2 Re8 23.Rd2 Re5 24.Nd6 Bg4 25.Nc4 Re2 26.h3 Rxd2 27.Nxd2 Bc8 28.Ndb3 Rb8
29.Rd1 Rb4 30.Rd2 Bf5 31.a3 Rb5 32.g4 Bc8 33.Bf1 Rb6 34.Na5 g5 35.Na4 Rb8
36.Nxc6 Rb7 37.Ne5 Nf4 38.Nc5 Re7 39.Ncd3 N6d5 40.Nxf4 Nxf4 41.Nd3 Ng6 42.f3 Bb7
43.Kf2 Rd7 44.Rc2 Rd6 45.Nc5 Bc6 46.b4 Nf4 47.b5 Ba8 48.a4 Rd1 49.a5 Bxf3
50.b6 axb6 51.axb6 Rb1 52.Kxf3 Rxf1+ 53.Ke4 Re1+ 54.Kd4 Rd1+ 55.Kc4 Nd5 56.b7 Ne3+
57.Kc3 Rb1 58.Rd2 Rb5 59.Kd4 Nf1 60.Re2 h5 61.Re8 hxg4 62.hxg4 Nh2 63.b8=Q Rxb8
64.Rxb8 Nxg4 65.Nd3 f6 66.Ke4 Nh6 67.Rb7+ Kg6 68.Rb6 Ng4 69.Kf3 Kh5 70.Rb5 Kh4
71.Rb4 f5 72.Nf2  1-0

[Event "ch-ARG Najdorf mem"]
[Site "Buenos Aires ARG"]
[Date "1999.11.21"]
[Round "3"]
[White "Fiorito,F"]
[Black "Soppe,G"]
[Result "1/2-1/2"]
[WhiteElo "2440"]
[BlackElo "2448"]

1.Nf3 d5 2.g3 Nf6 3.Bg2 e6 4.O-O Be7 5.d3 c5 6.Nbd2 Nc6 7.e4 O-O 8.Re1 b5
9.e5 Nd7 10.Nf1 a5 11.h4 b4 12.N1h2 Ba6 13.h5 Bb5 14.h6 g6 15.a4 bxa3 16.bxa3 Ba4
17.Bf4 Rb8 18.Ra2 Re8 19.Qd2 Bf8 20.Bg5 Qc7 21.Qf4 Nd4 22.Nxd4 cxd4 23.Qxd4 Bxc2
24.Nf3 Rb1 25.Bf4 Rxe1+ 26.Nxe1 Bb3 27.Ra1 a4 28.Bf1 Rc8 29.Rc1 Qb8 30.Rxc8 Qxc8
31.Qb2 Qc5 32.Bc1 d4 33.f4 Bxh6 34.Bd2 Bf8  1/2-1/2

[Event "Extraliga CZE"]
[Site "Ostrava CZE"]
[Date "1999.11.21"]
[Round "4"]
[White "Mirumian,V"]
[Black "Polak,T"]
[Result "1/2-1/2"]
[WhiteElo "2506"]
[BlackElo "2488"]

1.Nf3 d5 2.g3 Nf6 3.Bg2 c6 4.O-O Bg4 5.d3 Nbd7 6.Qe1 e6 7.e4 Bxf3 8.Bxf3 Bd6
9.Bg2 O-O 10.Nd2 Re8 11.Qe2 a5 12.a4 Qb6 13.Nf3 Ne5 14.Nxe5 Bxe5 15.Kh1 dxe4
16.dxe4 Bd4 17.Ra3 e5 18.Bh3 h6 19.Rf3 Qa6 20.Qxa6 Rxa6 21.Re1 Nh7 22.Bf1 Raa8
23.Bc4 Re7 24.Kg2 Rd8 25.h4 Red7 26.c3 Bb6 27.Kf1 Nf6 28.Rf5  1/2-1/2

[Event "Extraliga CZE"]
[Site "Ostrava CZE"]
[Date "1999.11.21"]
[Round "4"]
[White "Stryjecki,M"]
[Black "Haba,P"]
[Result "1/2-1/2"]
[WhiteElo "2448"]
[BlackElo "2544"]

1.g3 d5 2.Nf3 Nf6 3.Bg2 c6 4.O-O Bf5 5.d3 e6 6.c4 Bc5 7.Qb3 Qb6 8.Qc2 Nbd7
9.Nc3 Qa6 10.Nh4 Bg6 11.Nxg6 hxg6 12.b3 O-O 13.a3 b5 14.Bb2 bxc4 15.dxc4 Be7
16.Rfc1 Rab8 17.e3 Qb7 18.b4 Nb6 19.cxd5 cxd5 20.e4 Rfd8 21.exd5 exd5 22.Qb3 Qd7
23.Rd1 a5 24.Rac1  1/2-1/2

[Event "Masters"]
[Site "Kilkenny IRL"]
[Date "1999.11.26"]
[Round "1"]
[White "Tjiam,D"]
[Black "Baburin,A"]
[Result "0-1"]
[WhiteElo "2344"]
[BlackElo "2593"]

1.Nf3 d5 2.g3 g6 3.Bg2 Bg7 4.O-O e5 5.d3 Ne7 6.Nbd2 O-O 7.c4 Nbc6 8.Rb1 a5
9.b3 Re8 10.a3 Rb8 11.Bb2 h6 12.h3 d4 13.Re1 Be6 14.Nf1 Qd7 15.Kh2 b5 16.Qc2 a4
17.cxb5 axb3 18.Qc5 Na5 19.a4 Nd5 20.e4 Nb7 21.Qa3 Nc3 22.Rbc1 Na2 23.Rc4 Na5
24.Ba1 Bf8 25.Qb2 Bxc4 26.dxc4 Bb4 27.Rd1 Nc3 28.Rd3 Nxa4 29.Qc1 Kh7 30.Ne3 Qe6
31.Ng4 Bf8 32.Nfxe5 Bg7 33.Bxd4 Rbd8 34.f4 b2 35.Bxb2 Nxb2 36.Rxd8 Rxd8 37.Qxb2 Nxc4
38.Qc1 Nxe5 39.fxe5 h5 40.Qg5  0-1

[Event "7th Young Masters"]
[Site "Loures POR"]
[Date "1999.11.28"]
[Round "6"]
[White "Conceicoa,P"]
[Black "Lima,P"]
[Result "0-1"]
[WhiteElo "2058"]
[BlackElo "2051"]

1.Nf3 d5 2.g3 Nf6 3.Bg2 c5 4.d3 Nc6 5.Nbd2 e6 6.O-O Be7 7.e4 O-O 8.exd5 exd5
9.d4 c4 10.h3 Bf5 11.c3 Qd7 12.Kh2 Bd6 13.Re1 Rfe8 14.Nf1 Ne4 15.Be3 b5 16.Nh4 Be6
17.f3 Nxg3 18.Nxg3 Qd8 19.f4 Qxh4 20.Qf3 Ne7 21.Rf1 Rad8 22.Rae1 g6 23.Bd2 h5
24.Qf2 Qf6 25.Bf3 Bxf4 26.Bxh5 Bxg3+ 27.Qxg3 Nf5 28.Qg2 Qg7 29.Bf3 Nh4 30.Qg3 Nxf3+
31.Rxf3 Bf5 32.Bg5 f6 33.Bf4 Re4 34.Rxe4 Bxe4 35.Rf1 g5 36.Bd6 f5 37.Be5 Qg6
38.Rg1 g4 39.hxg4 Rd7 40.Qh3 Rh7 41.Qh5 fxg4  0-1

[Event "Belgian Interteams 1999-2000"]
[Site "Antwerp BEL"]
[Date "1999.11.??"]
[Round "4"]
[White "Schebler,G"]
[Black "Claesen,P"]
[Result "1-0"]
[WhiteElo "2443"]
[BlackElo "2403"]

1.Nf3 d5 2.g3 Nf6 3.Bg2 Bf5 4.O-O Nbd7 5.c4 e6 6.d3 Be7 7.Qb3 O-O 8.cxd5 Nc5
9.Qc2 exd5 10.Nd4 Qd7 11.b4 Na6 12.b5 Nc5 13.Bg5 Ne6 14.Nxf5 Nxg5 15.Nxe7+ Qxe7
16.Nc3 Rfd8 17.d4 a6 18.a4 g6 19.e3 h5 20.Rfc1 axb5 21.axb5 Rxa1 22.Rxa1 Qd7
23.Ra7 c6 24.bxc6 Qxc6 25.Ra2 Rc8 26.h4 Ne6 27.Ra3 Kg7 28.Qb3 Rd8 29.Ra5 Rc8
30.Ra3 Rd8 31.Qb5 Qc7 32.Rb3 Ra8 33.Bf3 g5 34.Qxb7 Ra1+ 35.Kg2 Qd8 36.Bxd5 Nc7
37.Bf3 gxh4 38.Ne4 Ng4 39.Qb6 hxg3 40.Nxg3 Nf6 41.Qc5 Ne6 42.Qe5 h4 43.Nh5+ Kg6
44.Rb8 h3+ 45.Kh2 Ng5 46.Nf4+ Kh6 47.Qxg5+  1-0

[Event "Belgian Interteams 1999-2000"]
[Site "Antwerp BEL"]
[Date "1999.11.??"]
[Round "5"]
[White "Hausrath,D"]
[Black "Barsov,A"]
[Result "1/2-1/2"]
[WhiteElo "2413"]
[BlackElo "2539"]

1.Nf3 d5 2.g3 Bg4 3.Bg2 e6 4.c4 c6 5.O-O Nf6 6.d3 Nbd7 7.cxd5 cxd5 8.Be3 Bc5
9.Bxc5 Nxc5 10.Nc3 O-O 11.Rc1 Rc8 12.Qd2 Qb6 13.Rc2 Bxf3 14.Bxf3 Rc6 15.Rfc1 Rfc8
16.d4 Ncd7 17.e3 Qa5 18.Bd1 Nb6 19.b3 Kf8  1/2-1/2

[Event "Eu Team Ch (women)"]
[Site "Batumi GEO"]
[Date "1999.12.01"]
[Round "3"]
[White "Stefanova,A"]
[Black "Danielian,E"]
[Result "1-0"]
[WhiteElo "2444"]
[BlackElo "2306"]

1.Nf3 d5 2.g3 Nf6 3.Bg2 Bf5 4.b3 Nbd7 5.Bb2 e6 6.O-O Be7 7.d3 h6 8.Nbd2 O-O
9.Qe1 c6 10.e4 dxe4 11.dxe4 Bh7 12.Qe2 a5 13.a3 Qc7 14.e5 Nd5 15.c4 N5b6
16.Ne4 Nc5 17.Nf6+ gxf6 18.exf6 Bd6 19.b4 axb4 20.axb4 Nd3 21.c5 Nd5 22.cxd6 Qxd6
23.Qd2 Nxb2 24.Qxh6 Nxf6 25.Rxa8 Rxa8 26.Qxf6 Nd3 27.Rd1 Qxb4 28.Ng5 Bg6
29.Nxf7 Bxf7 30.Rxd3 c5 31.g4 Qa5 32.Qg5+ Kf8 33.Rd7 Qa1+ 34.Bf1 Qg7 35.Qxc5+ Kg8
36.h3 Qf6 37.Rxb7 Qf3 38.Qg5+ Kf8 39.Rd7 Ra2 40.Rd8+ Be8 41.Qh6+ Kf7 42.Qh7+ Kf6
43.Qh8+ Kg5 44.Qe5+ Kh4 45.Qg3+  1-0

[Event "Eu Team Ch"]
[Site "Batumi GEO"]
[Date "1999.12.02"]
[Round "4"]
[White "Nisipeanu,LD"]
[Black "Krasenkow,M"]
[Result "0-1"]
[WhiteElo "2584"]
[BlackElo "2647"]

1.Nf3 d5 2.g3 g6 3.Bg2 Bg7 4.O-O e5 5.d3 Ne7 6.e4 O-O 7.Nc3 d4 8.Ne2 c5 9.Nd2 Nbc6
10.f4 f5 11.h3 Qc7 12.exf5 Nxf5 13.Ne4 b6 14.fxe5 Bb7 15.e6 Ne3 16.Bxe3 dxe3
17.c3 Rxf1+ 18.Qxf1 Rf8 19.Nf4 Ne7 20.Ng5 Rf5 21.Bxb7 Qxb7 22.Ne4 Be5 23.Qf3 Qc6
24.Rf1 Bxf4 25.gxf4 Qxe6 26.Qxe3 Nd5 27.Qg3 Qd7 28.Qg4 Qc7 29.Ng3 Rf7 30.Kh2  0-1

[Event "Eu Team Ch (women)"]
[Site "Batumi GEO"]
[Date "1999.12.02"]
[Round "4"]
[White "Borsuk,A"]
[Black "Houska,J"]
[Result "1-0"]
[WhiteElo "2288"]
[BlackElo "2251"]

1.Nf3 d5 2.g3 Nf6 3.Bg2 Bg4 4.c4 c6 5.cxd5 cxd5 6.Qb3 Qc7 7.Nc3 e6 8.d3 Nc6
9.O-O Be7 10.e4 dxe4 11.dxe4 O-O 12.Be3 Rfd8 13.Rac1 Rd7 14.Nb5 Qa5 15.Nfd4 e5
16.Nxc6 bxc6 17.Nc3 Rad8 18.Qc2 Be6 19.h3 Bc4 20.Rfd1 Bd3 21.Qa4 Qxa4 22.Nxa4 h6
23.Nc5 Bxc5 24.Rxc5 Nxe4 25.Rxe5 f5 26.g4 Nf6 27.Bxc6 Rd6 28.Bf3 fxg4 29.hxg4 a6
30.b4 Bc4 31.Rxd6 Rxd6 32.a4 Kf7 33.Rc5 Bb3 34.a5 Nd5 35.b5 axb5 36.Rxb5 Bc4
37.Rb7+ Kf6 38.Bd4+ Kg5 39.Re7 Kf4 40.Bxg7  1-0

[Event "ch-ARG Najdorf mem"]
[Site "Buenos Aires ARG"]
[Date "1999.12.02"]
[Round "11"]
[White "Fiorito,F"]
[Black "Rubinetti,J"]
[Result "1/2-1/2"]
[WhiteElo "2440"]
[BlackElo "2432"]

1.Nf3 d5 2.g3 c6 3.Bg2 Nf6 4.O-O Bg4 5.d3 Nbd7 6.Qe1 e5 7.e4 dxe4 8.dxe4 Bc5
9.h3 Bh5 10.a4 a5 11.Nbd2 O-O 12.Nc4 Re8 13.Bd2 b6 14.Bc3 Qc7 15.Nh4 Rad8
16.Bf3 Nf8 17.Qe2 Bxf3 18.Nxf3 N6d7 19.Rfd1 f6 20.Be1 Ne6 21.c3 Ndf8 22.h4 Rxd1
23.Rxd1 Rd8 24.Rxd8 Qxd8 25.Qd2 Qxd2 26.Nfxd2  1/2-1/2

[Event "Open"]
[Site "Las Palmas ESP"]
[Date "1999.12.03"]
[Round "3"]
[White "Paschall,W"]
[Black "Rausis,I"]
[Result "1/2-1/2"]
[WhiteElo "2332"]
[BlackElo "2496"]

1.Nf3 d5 2.g3 Nf6 3.Bg2 e6 4.d4 Be7 5.O-O c6 6.Nbd2 Nbd7 7.c4 b6 8.b3 Bb7
9.Bb2 O-O 10.Qc2 Rc8 11.e4 h6 12.Rad1 Re8 13.Rfe1 Rc7 14.Ne5 Bb4 15.Nxd7 Rxd7
16.e5 Nh7 17.c5 bxc5  1/2-1/2

[Event "8th Sonnevanck"]
[Site "Wijk aan Zee NED"]
[Date "1999.12.03"]
[Round "4"]
[White "Bosboom,M"]
[Black "Middelburg,T"]
[Result "1/2-1/2"]
[WhiteElo "2476"]
[BlackElo "2326"]

1.Nf3 d5 2.g3 Nf6 3.Bg2 c6 4.O-O Bg4 5.d3 Nbd7 6.Qe1 e5 7.e4 dxe4 8.dxe4 Bxf3
9.Bxf3 Be7 10.a4 O-O 11.Na3 Qc7 12.Nc4 a5 13.Bd2 b6 14.Qe2 Rfe8 15.Rfd1 Nf8
16.Bc3 Bb4 17.Bxb4 axb4 18.Qe1 Ne6 19.Qxb4 Nd4 20.Kg2 Nxc2 21.Qxb6 Qxb6 22.Nxb6 Ra6
23.Rac1 Nd4 24.Nc4 Rxa4 25.Nd6 Rb8 26.Rc4 Ra2 27.b4 Ra3 28.Rdxd4 exd4 29.Rxd4 Rb3
30.e5 Nd5 31.b5 R3xb5 32.Nxb5 Rxb5 33.Rc4  1/2-1/2

[Event "Eu Team Ch (women)"]
[Site "Batumi GEO"]
[Date "1999.12.04"]
[Round "5"]
[White "Pitam,E"]
[Black "Madl,I"]
[Result "1/2-1/2"]
[WhiteElo "2317"]
[BlackElo "2435"]

1.Nf3 d5 2.g3 c6 3.Bg2 Bg4 4.O-O Nd7 5.c4 Bxf3 6.exf3 dxc4 7.a4 Nc5 8.Na3 Nb3
9.Ra2 Qd4 10.Qc2 Qd3 11.Qxc4 Qxc4 12.Nxc4 e6 13.d3 Nf6 14.f4 Be7 15.Be3 O-O
16.Bf3 Rfd8 17.Bd1 Nd4 18.a5 a6 19.Ra4 Nb5 20.Ne5 Nd7 21.d4 Nf6 22.Bc2 Nd5
23.Rd1 g6 24.Nc4 Rac8 25.Be4 Rc7 26.Raa1 Bf8 27.Ne5 Kg7 28.h4 h5 29.Bd3 Nd6
30.Rac1 Nf5 31.Nc4 Ndxe3 32.fxe3 Nxg3 33.Kf2 Nf5 34.Bxf5 exf5 35.Rd3 Be7
36.Kg3 Re8 37.b3 Bb4 38.Rdd1 Rd7 39.Ra1 Rd5 40.Kf3 Be7 41.Kg3 Bd8 42.b4 f6
43.Rh1 Kh6 44.Ra2 Bc7 45.Kf3 Rg8 46.Rg2 Kg7 47.Ke2 Kf7 48.Kd3 Bd8 49.Kc3 Re8
50.Rhg1 Rg8 51.Ra1 Rh8 52.Rag1 Rg8  1/2-1/2

[Event "Eu Team Ch"]
[Site "Batumi GEO"]
[Date "1999.12.04"]
[Round "5"]
[White "Erdogan,H"]
[Black "Ibrahimov,R"]
[Result "1/2-1/2"]
[WhiteElo "2263"]
[BlackElo "2396"]

1.Nf3 d5 2.g3 c5 3.Bg2 Nc6 4.d4 Nf6 5.O-O e6 6.c4 dxc4 7.Ne5 Nxe5 8.dxe5 Qxd1
9.Rxd1 Nd7 10.f4 Be7 11.Na3 Nb6 12.Bd2 O-O 13.Ba5 Nd5 14.Nxc4 b6 15.Bd2 Ba6
16.b3 Rad8 17.a3 Rd7 18.Be1 Rfd8 19.Rdc1 g5 20.e4 Nc7 21.a4 g4 22.h3 h5 23.hxg4 hxg4
24.Rab1 Rd3 25.Bf2 Bxc4 26.bxc4 Na6 27.a5 Nb4 28.axb6 axb6 29.Bf1 Rd2 30.Be3 Ra2
31.Rd1 Nc2 32.Rxd8+ Bxd8 33.Bf2 Na3 34.Rd1 Be7 35.f5 Bg5 36.Rd6 Rb2 37.fxe6 fxe6
38.Rxe6 Kf7 39.Rd6 Nc2 40.Be2 Ne3 41.Bxe3 Bxe3+ 42.Kf1 Bd4 43.e6+ Ke7 44.Rd7+ Kxe6
45.Bxg4+ Kf6 46.Rd6+ Kg5 47.Bf5 Rb1+ 48.Kg2 Bf6 49.Rd5 Rc1 50.Be6+ Kg6 51.Bf5+ Kg5
52.Bc8+ Kg6 53.e5 Be7 54.Rd7 Kf7 55.Rb7 Rxc4 56.Rxb6 Re4 57.e6+ Kf6 58.Kf3 Re1
59.Rc6 Rf1+ 60.Ke2 Rg1 61.Kf3 Rd1 62.g4 Rd3+ 63.Kf2 Rd2+ 64.Ke3 Rd4 65.Kf3 Rd3+
66.Kg2 Rd2+ 67.Kf3 Rd3+  1/2-1/2

[Event "Eu Team Ch"]
[Site "Batumi GEO"]
[Date "1999.12.05"]
[Round "6"]
[White "Kurajica,B"]
[Black "Pavasovic,D"]
[Result "1/2-1/2"]
[WhiteElo "2541"]
[BlackElo "2510"]

1.Nf3 d5 2.g3 Bg4 3.Bg2 Nd7 4.c4 c6 5.cxd5 cxd5 6.O-O e6 7.d3 Ngf6 8.Qb3 Nc5
9.Qb5+ Qd7 10.Qxd7+ Ncxd7 11.Nc3 Bxf3 12.Bxf3 Bd6 13.Nb5 Be5 14.d4 Bb8 15.Bd2 a6
16.Rfc1 Kd8 17.Nc3 Bd6 18.Na4 Rc8 19.b4 Ke7 20.Nc5 Rc7 21.a4 Rhc8 22.a5 Nb8
23.e3 Ne4 24.Nxe4 Rxc1+ 25.Bxc1 dxe4 26.Bxe4 Bxb4 27.Bxb7 Rc7 28.Be4 Nc6
29.Bb2 Nxa5 30.Ra4 Bd2 31.Bd3 Rc6 32.Kf1 Bc1 33.Bxc1 Rxc1+ 34.Kg2 Nc6 35.Bxa6 f5
36.h4 Kf6 37.Bb5 Ne7 38.Ra6 Rc7 39.Ba4 g6 40.f3 Nd5 41.e4 fxe4 42.fxe4 Nb4
43.Rb6 Rc4 44.Rxe6+ Kxe6 45.Bb3  1/2-1/2

[Event "Eu Team Ch"]
[Site "Batumi GEO"]
[Date "1999.12.05"]
[Round "6"]
[White "Aronian,L"]
[Black "Chandler,M"]
[Result "0-1"]
[WhiteElo "2518"]
[BlackElo "2505"]

1.Nf3 d5 2.g3 c5 3.Bg2 Nc6 4.d4 e6 5.O-O cxd4 6.Nxd4 Bc5 7.Nb3 Be7 8.c4 Nf6
9.cxd5 Nxd5 10.e4 Ndb4 11.Qe2 Qd3 12.Qg4 g6 13.e5 h5 14.Qe4 Qxe4 15.Bxe4 Nxe5
16.Nc3 f5 17.Bg2 Kf7 18.Na5 Nec6 19.a3 Nxa5 20.axb4 Nb3 21.Ra4 Nxc1 22.Rxc1 Rd8
23.b5 Rd2 24.Rc4 Rb8 25.Ra1 Bd8 26.Na4 Bd7 27.Rb4 Be7 28.Rb3 Rd4 29.Kf1 e5
30.Bf3 e4 31.Be2 Rc8 32.Rc3 Rb4 33.Rxc8 Bxc8 34.Nc3 Bc5 35.Nd5 Rxb2 36.Rc1 b6
37.Ra1 g5 38.Rxa7+ Ke6 39.Rc7 Kxd5 40.Rxc8 Rb1+ 41.Kg2 Rb2 42.Rd8+ Ke6 43.Kf1 f4
44.Re8+ Kf5 45.Bxh5 f3 46.Ke1 Bxf2+ 47.Kd1 Bc5 48.h3  0-1

[Event "Eu Team Ch"]
[Site "Batumi GEO"]
[Date "1999.12.05"]
[Round "6"]
[White "Bawart,M"]
[Black "Keogh,E"]
[Result "1/2-1/2"]
[WhiteElo "2382"]
[BlackElo "2165"]

1.Nf3 d5 2.g3 c5 3.Bg2 Nc6 4.O-O Nf6 5.d3 e5 6.Na3 Be7 7.Qe1 e4 8.Nd2 exd3
9.cxd3 O-O 10.Nb3 c4 11.dxc4 Bxa3 12.bxa3 dxc4 13.Nd2 Nd4 14.Qd1 Bg4 15.Nf3 Nxf3+
16.exf3 Bf5 17.Qa4 Bd3 18.Re1 a6 19.Bb2 b5 20.Qb4 a5 21.Bxf6 axb4 22.Bxd8 Rfxd8
23.axb4 f6 24.Bf1 Bxf1 25.Kxf1 Kf7 26.a3 Rd2 27.Re3 Ra7 28.h4 Rb2 29.Rd1 Rc7
30.Ke1 c3 31.Rc1 Rb3 32.Ra1 Rb2 33.Rc1 Rb3 34.Ra1 Rb2 35.Re2 Ra7 36.Rxb2  1/2-1/2

[Event "Open"]
[Site "Las Palmas ESP"]
[Date "1999.12.05"]
[Round "5"]
[White "Todorcevic,M"]
[Black "Gomez Esteban,J"]
[Result "1-0"]
[WhiteElo "2458"]
[BlackElo "2476"]

1.Nf3 d5 2.g3 c5 3.c4 d4 4.b4 cxb4 5.a3 bxa3 6.Bxa3 Nc6 7.Bg2 e5 8.Bxf8 Kxf8
9.d3 g6 10.O-O Kg7 11.Nbd2 Nf6 12.Qa4 Bd7 13.Qa3 Rc8 14.Ng5 b6 15.f4 Re8
16.Nde4 Nxe4 17.Nxe4 Rc7 18.Nd6 Re7 19.f5 f6 20.g4 g5 21.h4 h6 22.hxg5 hxg5
23.Ne4 Rf7 24.Kf2 Qe7 25.Qc1 Rf8 26.Rh1 Nd8 27.Rh3 Nf7 28.Qh1 Rh8 29.Rxh8 Nxh8
30.Qh2 Nf7 31.Qh5 Bc6 32.Qg6+ Kf8 33.Nxf6 Bxg2 34.Qg8+  1-0

[Event "Eu Team Ch (women)"]
[Site "Batumi GEO"]
[Date "1999.12.06"]
[Round "7"]
[White "Kononenko,T"]
[Black "Tkeshelashvili,S"]
[Result "0-1"]
[WhiteElo "2330"]
[BlackElo "2284"]

1.Nf3 d5 2.g3 c6 3.b3 Bg4 4.Bg2 Nd7 5.Bb2 Ngf6 6.d3 e6 7.O-O Bd6 8.Nbd2 O-O
9.c4 Qe7 10.h3 Bh5 11.a3 e5 12.Nh4 Qe6 13.g4 Bxg4 14.hxg4 Qxg4 15.Nhf3 e4
16.dxe4 dxe4 17.Nd4 Qf4 18.N2f3 exf3 19.Nxf3 Ne5 20.Bxe5 Bxe5 21.e3 Qf5 22.Nxe5 Qxe5
23.Qd4 Qh5 24.Rfd1 Ng4 25.f3 Qh2+ 26.Kf1 f5 27.Rd2 Rae8 28.Re1 Qg3 29.Bh1 f4
30.e4 Ne3+ 31.Rxe3 fxe3 32.Qxe3 h5 33.Rf2 a6 34.Ke2 Rf4 35.Rg2 Qh4 36.Rg1 Qh2+
37.Bg2 h4 38.Kd3 h3 39.Bxh3 Rd8+ 40.Kc3 Rxf3 41.Be6+ Kh8  0-1

[Event "Eu Team Ch"]
[Site "Batumi GEO"]
[Date "1999.12.06"]
[Round "8"]
[White "Movsesian,S"]
[Black "Sokolov,I"]
[Result "1-0"]
[WhiteElo "2659"]
[BlackElo "2656"]

1.Nf3 d5 2.g3 c6 3.Bg2 Bg4 4.O-O Nd7 5.d3 e5 6.Nbd2 Ngf6 7.e4 dxe4 8.dxe4 h6
9.h3 Be6 10.Qe2 Bc5 11.b3 Qc7 12.Bb2 Nh7 13.Nc4 Ng5 14.Nfxe5 Bxc4 15.Qxc4 Bxf2+
16.Rxf2 Nxe5 17.Qc5 Nd7 18.Qe3 O-O 19.Qf4 Qb6 20.Qg4 Rad8 21.Rf1 Qc5 22.h4 Ne6
23.Qf5 Qd6 24.e5 Qc5 25.Qe4 Nb6 26.c4 Nd7 27.Bh3 Qe7 28.Qe3 b6 29.Kh2 c5
30.Re1 Rfe8 31.Rd2 Ndf8 32.Rd5 Nc7 33.Red1 Nxd5 34.cxd5 Ne6 35.d6 Qb7 36.Bg2 Qd7
37.Bd5 b5 38.Qe4 Rc8 39.Bc3 a5 40.Bxa5 Qa7 41.Bd2 Rcd8 42.a4 c4 43.Be3 Qa5
44.axb5 cxb3 45.Bc6 Qa2+ 46.Kh3 b2 47.Rf1 Qb3 48.b6 f5 49.Bd5 Qc3 50.Qxf5 Qxe3
51.d7 Re7 52.Bxe6+ Rxe6 53.Qxe6+ Kh7 54.Qf5+ Kg8  1-0

[Event "Eu Team Ch"]
[Site "Batumi GEO"]
[Date "1999.12.07"]
[Round "8"]
[White "Movsesian,S"]
[Black "Sokolov,I"]
[Result "1-0"]
[WhiteElo "2659"]
[BlackElo "2656"]

1.Nf3 d5 2.g3 c6 3.Bg2 Bg4 4.O-O Nd7 5.d3 e5 6.Nbd2 Ngf6 7.e4 dxe4 8.dxe4 h6
9.h3 Be6 10.Qe2 Bc5 11.b3 Qc7 12.Bb2 Nh7 13.Nc4 Ng5 14.Nfxe5 Bxc4 15.Qxc4 Bxf2+
16.Rxf2 Nxe5 17.Qc5 Nd7 18.Qe3 O-O 19.Qf4 Qb6 20.Qg4 Rad8 21.Rf1 Qc5 22.h4 Ne6
23.Qf5 Qd6 24.e5 Qc5 25.Qe4 Nb6 26.c4 Nd7 27.Bh3 Qe7 28.Qe3 b6 29.Kh2 c5
30.Re1 Rfe8 31.Rd2 Ndf8 32.Rd5 Nc7 33.Red1 Nxd5 34.cxd5 Ne6 35.d6 Qb7 36.Bg2 Qd7
37.Bd5 b5 38.Qe4 Rc8 39.Bc3 a5 40.Bxa5 Qa7 41.Bd2 Rcd8 42.a4 c4 43.Be3 Qa5
44.axb5 cxb3 45.Bc6 Qa2+ 46.Kh3 b2 47.Rf1 Qb3 48.b6 f5 49.Bd5 Qc3 50.Qxf5 Qxe3
51.d7 Re7 52.Bxe6+ Rxe6 53.Qxe6+ Kh7 54.Qf5+ Kg8 55.Qe4 Re8 56.b7 Rd8 57.Rb1  1-0

[Event "Eu Team Ch (women)"]
[Site "Batumi GEO"]
[Date "1999.12.07"]
[Round "9"]
[White "Danielian,E"]
[Black "Misanovic,V"]
[Result "1-0"]
[WhiteElo "2306"]
[BlackElo "2384"]

1.Nf3 d5 2.g3 c6 3.b3 Bg4 4.Bg2 Nd7 5.Bb2 e6 6.O-O Ngf6 7.d3 Qc7 8.Nbd2 Bd6
9.h3 Bxf3 10.Bxf3 h5 11.c4 Rh6 12.cxd5 exd5 13.e4 Kf8 14.Bg2 Rg6 15.Kh1 Re8
16.exd5 Nxd5 17.Qxh5 Rh6 18.Qd1 Be5 19.d4 Bxg3 20.fxg3 Ne3 21.Ba3+ c5 22.Qf3 Rf6
23.Qxb7 Qxg3 24.Rxf6 Nxf6 25.Nf1 Qh4 26.Nxe3 Rxe3 27.Qc8+ Re8 28.Bxc5+ Kg8
29.Qf5 g6 30.Qf3 Ne4 31.Kh2 Nd2 32.Qg3 Qh5 33.Re1 Re2 34.Rxe2 Qxe2 35.Qb8+ Kh7
36.Qf4 f5 37.Bf8 Kg8 38.Qe5  1-0

[Event "Eu Team Ch (women)"]
[Site "Batumi GEO"]
[Date "1999.12.07"]
[Round "9"]
[White "Stefanova,A"]
[Black "Demina,J"]
[Result "1-0"]
[WhiteElo "2444"]
[BlackElo "2377"]

1.Nf3 d5 2.g3 Nf6 3.Bg2 g6 4.O-O Bg7 5.d4 O-O 6.c4 e6 7.Nc3 c6 8.b3 a5 9.Bb2 Na6
10.Ne5 Nd7 11.Nxd7 Bxd7 12.e4 dxe4 13.Nxe4 Qc7 14.Qd2 h6 15.d5 e5 16.Ba3 c5
17.d6 Qb6 18.Qe3 Rac8 19.Rad1 f5 20.Nc3 Kh7 21.Nd5 Qxd6 22.Nb6 Qxb6 23.Rxd7 Rc7
24.Rfd1 Rf7 25.R1d6 Qa7 26.Rxf7 Rxf7 27.Bd5 Re7 28.Rd8 Nb4 29.Bg8+ Kh8 30.Qd2 Nc6
31.Rc8 Nd4 32.Bd5+ Kh7 33.Bxc5 b6 34.Bxe7 Qxe7 35.Kf1 e4 36.Bg8+ Kh8 37.Qf4 Nf3
38.Qb8 Be5 39.Bd5+ Kh7 40.Rc7  1-0